02229nam a2200373 i 4500001001000000003000900010005001700019007000300036008004100039040003000080041000800110082002600118245025500144246011500399250002300514264007100537300002800608336002700636337003300663338002800696500005700724590002700781650006300808650006300871700005400934910004800988942001401036952016101050952016101211952016101372952015001533952015501683999001701838000015119DO-SdBNP20241106090625.0ta100201s2005 dr 001 0 spa d aDO-SdBNPbspacBNPHUerda aspa 4a423.61bI19e 200522200aIdiomatic expressions english spanish = Expresiones idiomáticas inglés-español :bmost common idiomatic expressions used in the United States = expresiones idiomáticas más usadas en los Estados Unidos /ccompilador, José Ramón Acosta.01aExpresiones idiomáticas inglés-español : expresiones idiomáticas más usadas en los Estados Unidos  aPrimera edición  1aSanto Domingo, República Dominicana :bImprenta Pieraldi,c2005. a93 páginas : c21 cm. atextobtxt2rdacontent asin mediaciónbn2rdamedia avolumenbnc2rdacarrier aTexto en Inglés - Español, español - inglés. aInventariado, 2024/ YL 4aInglésxPalabras y frasesxEspañolxDiccionarios92054 4aEspañolxPalabras y frasesxInglésxDiccionarios9205512aAcosta, José Ramón,ecompilador4comp. 92056 aYLockward/ Validado. Control de calidad MFF 2ddccLBS1 00102ddc56708DS-RaBNPHUbBNPHUcHDd2010-01-12eCompral0oBNPHU R-DS 423.61 I19e 2005p15119-30r2020-06-25te.3w2020-06-25yLBS1ZPréstamo en sala 00102ddc56708DS-RaBNPHUbBNPHUcHDd2010-01-12eCompral0oBNPHU R-DS 423.61 I19e 2005p15119-40r2020-06-25te.4w2020-06-25yLBS1ZPréstamo en sala 00102ddc56708DS-RaBNPHUbBNPHUcHDd2010-01-12eCompral0oBNPHU R-DS 423.61 I19e 2005p15119-60r2020-06-25te.5w2020-06-25yLBS1ZPréstamo en sala 00102ddc56708DS-RaBNPHUbBNPHUcHDd2010-01-12eCompral0oBNPHU R-PD 423.61 I19e 2005p15119-10r2020-06-25w2020-06-25yLBS1ZNo se presta 00102ddc55708DS-RaBNPHUbBNPHUcHDd2010-01-12eCompral0oBNPHU R-PD 423.61 I19e 2005p15119-20r2020-06-25te.2w2020-06-25yLBS1ZNo se presta c14691d14691